Ewiger Medaillenspiegel der Olympischen Winterspiele - Statistiken

Allgemein
  • Dieses Quiz wurde 680 mal gespielt
  • Das Durchschnittsergebnis liegt bei 13 aus 15
Antwortstatistiken
Anzahl gewonnener Medaillen Antwort % Korrekt
408 Deutschland
100%
368 Norwegen
98%
346 Russland
97%
304 Vereinigte Staaten
97%
158 Schweden
96%
232 Österreich
94%
167 Finnland
92%
199 Kanada
92%
153 Schweiz
92%
124 Frankreich
89%
58 Japan
87%
124 Italien
86%
62 China
81%
130 Niederlande
66%
70 Südkorea
61%
Keine übereinstimmenden Quizze gefunden
Verteilung der Resultate
Anzahl Personen mit jedem Resultat
Perzentil nach korrekt beantworteten Fragen
Ihre Resultats-Entwicklung
Sie haben dieses Quiz noch nicht gespielt